Statistics for Can you guess what country does __ belong to?

Click here to take the quiz!

General Stats

  • This quiz has been taken 64 times
  • The average score is 10 of 10

Answer Stats

HintAnswer% Correct
French GuianaFrance
100%
RéunionFrance
100%
New CaledoniaFrance
100%
EnglandUnited kingdom
100%
CaliforniaUnited states of america
98%
Los AngelesUnited states of america
98%
Baffin islandCanada
95%
Nova scotiaCanada
95%
Baja CaliforniaMexico
95%
QueenslandAustralia
91%

Score Distribution

Percentile by Number Answered

Percent of People with Each Score

Your Score History

You have not taken this quiz